Testemunhos (Registo nº 1158)
[ vista simples ]
| 000 -Etiqueta do registo | |
|---|---|
| Cabeçalho | 00638nam a2200229 4500 |
| 005 - Identificador da versão | |
| Campo de controlo | 20240813121827.0 |
| 010 ## - Número internacional normalizado dos livros (ISBN) | |
| Número (ISBN) | 9728478097 |
| 100 ## - Dados gerais de processamento | |
| Dados gerais de processamento | 20081006d2002 m y0pory5003 ba |
| 102 ## - Pais de publicação ou produção | |
| País de publicação | Portugal |
| 101 0# - Língua de publicação | |
| Língua do texto, banda sonora, etc. | Português |
| 215 ## - Descrição física | |
| Indicação específica da natureza do documento e extensão da espécie | 103, [1] p. p. |
| Dimensões | 25 cm |
| 200 1# - Titulo e menção de responsabilidade | |
| Título próprio | Testemunhos |
| Informação de outro título | VIH |
| -- | SIDA |
| Primeira menção de responsabilidade | coord. Fernando Aires Ventura |
| 210 ## - Publicação, Distribuição, etc. | |
| Lugar da edição, distribuição, etc. | Lisboa |
| Nome do editor, distribuidor, etc. | Comissão Nacional de Luta Contra a Sida |
| Data da publicação, distribuição, etc. | 2002 |
| 675 ## - Classificação Decimal Universal (CDU) | |
| Notação | 616.988 |
| Edição | BN |
| Língua da edição | por |
| 702 #1 - Nome de autor-pessoa física (responsabilidade secundária) | |
| Número de registo de entrada de autoridade | 0001624 |
| Palavra de ordem | Ventura |
| Outra parte do nome não tomada para palavra de ordem | Fernando Aires |
| Código de função | Editor literário / Coordenador |
| 712 02 - Nome de colectividade-autor (responsabilidade secundária) | |
| Número de registo de entrada de autoridade | 0001625 |
| Palavra de ordem | Portugal |
| Subdivisão | Museu do Chiado |
| Código de função | Organizador de exposição / Comissário de exposição |
| 942 ## - Elementos de entrada adicionados (Koha) | |
| Tipo de item no Koha | Livro |
| Situação do levantamento | Origin of item (home branch) (coded) | Biblioteca de empréstimo | Código de barras | Cota | Circulation type (not for loan) | Tipo de documento | Nota do exemplar | Damaged status |
|---|---|---|---|---|---|---|---|---|
| Biblioteca Escolar Eng. Nuno Mergulhão | Biblioteca Escolar Eng. Nuno Mergulhão | BENM1119 | 2002 | 616 | Livro | Sem mensagem | |||
| Biblioteca Escolar Eng. Nuno Mergulhão | Biblioteca Escolar Eng. Nuno Mergulhão | BENM1120 | 2002 | 616 | Livro | Sem mensagem |
